| 000 | 00864cam a2200277Ia 4500 | ||
|---|---|---|---|
| 999 |
_c9450 _d9450 |
||
| 001 | 32359644 | ||
| 003 | OCoLC | ||
| 005 | 20241126110712.0 | ||
| 008 | 950424r19951971ohu b 000 0 eng d | ||
| 020 |
_a1557485410 : _c$5.95 |
||
| 020 | _a9781557485410 | ||
| 020 | _a9788173621840 | ||
| 035 | _a(OCoLC)32359644 | ||
| 040 |
_aSLC _cSLC _dOCLCG _dBAKER _dOCLCA _dCIRBC |
||
| 050 | 4 |
_aBS612 _b.S53 1995x |
|
| 082 | 0 | 4 |
_a220.076 _220 _bSHO |
| 092 |
_a220.076 _bS55989 |
||
| 100 | 1 |
_aShoup, Carl S. _q(Carl Sumner), _d1902-2000. _916485 |
|
| 245 | 1 | 0 |
_aTest your Bible knowledge / _cCarl S. Shoup, with Carolyn S. Scott. |
| 260 |
_aHyderabad : _bGS Books, _c2019 |
||
| 300 |
_a239 p. ; _c18 cm. |
||
| 504 | _aIncludes bibliographical references. | ||
| 630 | 0 | 0 |
_aBible _vExaminations, questions, etc. _914393 |
| 700 | 1 |
_aScott, Carolyn S. _916486 |
|
| 942 |
_2ddc _cBK _02 |
||